| 000 | 00712cam a2200217 4500500 | ||
|---|---|---|---|
| 005 | 20260405002710.0 | ||
| 041 | _afre | ||
| 042 | _adc | ||
| 100 | 1 | 0 |
_aEnjalbert, Cédric _eauthor |
| 245 | 0 | 0 | _aAntoinette Rouvroy. « Le projet chinois relève bien d’une forme de “gouvernementalité algorithmique” » |
| 260 | _c2018. | ||
| 500 | _a29 | ||
| 690 | _aAntoinette Rouvroy | ||
| 690 | _aChine | ||
| 690 | _aCrédit | ||
| 690 | _aNumérique | ||
| 690 | _aRéputation | ||
| 690 | _aTotalitarisme | ||
| 786 | 0 | _nPhilosophie magazine | 119 | 5 | 2018-05-01 | p. 16-16 | 1951-1787 | |
| 856 | 4 | 1 | _uhttps://shs.cairn.info/magazine-philosophie-magazine-2018-5-page-16?lang=fr&redirect-ssocas=7080 |
| 999 |
_c2060209 _d2060209 |
||